<?xml version="1.0" encoding="UTF-8"?>
<collection xmlns="http://www.loc.gov/MARC21/slim">
 <record>
  <leader>00587pamaa2200193   4500</leader>
  <controlfield tag="001">0000045458</controlfield>
  <controlfield tag="005">20090716090000.0</controlfield>
  <controlfield tag="008">090622                             eng  </controlfield>
  <datafield tag="020" ind1="0" ind2="0">
   <subfield code="a">9780553816518 (pbk.) </subfield>
  </datafield>
  <datafield tag="090" ind1="0" ind2="0">
   <subfield code="a">PQ2668.A434.L5513 </subfield>
   <subfield code="b">HAL 2007</subfield>
  </datafield>
  <datafield tag="100" ind1="1" ind2="0">
   <subfield code="a">Halter </subfield>
  </datafield>
  <datafield tag="240" ind1="0" ind2="0">
   <subfield code="a">Lilah</subfield>
  </datafield>
  <datafield tag="245" ind1="1" ind2="0">
   <subfield code="a">Lilah : </subfield>
   <subfield code="b">a novel  </subfield>
   <subfield code="c">Marek Halter; </subfield>
   <subfield code="f">Translated from French by Howard Curtis.</subfield>
  </datafield>
  <datafield tag="250" ind1="0" ind2="0">
   <subfield code="a">1st ed.</subfield>
  </datafield>
  <datafield tag="260" ind1="0" ind2="0">
   <subfield code="a">London: </subfield>
   <subfield code="b">Bantam Books, </subfield>
   <subfield code="c">2007.</subfield>
  </datafield>
  <datafield tag="300" ind1=" " ind2=" ">
   <subfield code="a">319 p.: </subfield>
   <subfield code="b">map; </subfield>
   <subfield code="c">20 cm.</subfield>
  </datafield>
  <datafield tag="650" ind1="0" ind2="0">
   <subfield code="a">France -- </subfield>
   <subfield code="x">fiction </subfield>
  </datafield>
  <datafield tag="700" ind1="1" ind2="1">
   <subfield code="a">Curtis, </subfield>
   <subfield code="h">Howard </subfield>
  </datafield>
  <datafield tag="901" ind1=" " ind2=" ">
   <subfield code="u">http://www.booksattansworld.co.uk</subfield>
  </datafield>
 </record>
</collection>
